00397nam a2200169Ia 4500003000400000005001700004008004100021020001500062040000700077041000800084082001700092100002300109245002600132260004000158300001600198365001300214OSt20230417111241.0210423s2007 xx 000 0 und d a8130906694 cAL aeng a809.935 BLOH aBLOOM (Harold),Ed. aJames Joyces Ulysses. aNew DelhibViva Books Pvt Ltdc2007 avii,239bPB b145cINR